Top 15 Countries that Produce the Most Tea - Statistics

General Stats
  • This quiz has been taken 108,836 times
    25,571 since last reset
  • The average score is 9 of 15
Answer Stats
Metric Tons Country % Correct
3,345,460 China
98%
1,372,835 India
97%
70,000 Japan
86%
58,641 Pakistan
81%
124,661 Indonesia
80%
269,000 Vietnam
77%
98,146 Bangladesh
70%
32,000 Iran
64%
251,499 Sri Lanka
55%
245,773 Turkey
54%
78,695 Argentina
33%
535,000 Kenya
32%
68,668 Uganda
18%
35,700 Rwanda
10%
47,800 Malawi
6%
No matching quizzes found
Score Distribution
Percent of People with Each Score
Percentile by Number Answered
Your Score History
You have not taken this quiz since the last reset